[Event "Opatija op-A"]
[Site "Opatija"]
[Date "2013.07.06"]
[Round "8"]
[White "Tica, Sven"]
[Black "Salmoiraghi, Angelo"]
[Result "1-0"]
[WhiteElo "2037"]
[BlackElo "2165"]
[PlyCount "75"]
[EventDate "2013.06.29"]
[EventType "swiss"]
[EventRounds "9"]
[EventCountry "CRO"]
[SourceTitle "CBM 155 Extra"]
[Source "ChessBase"]
[SourceDate "2013.08.26"]
[SourceVersion "1"]
[SourceVersionDate "2013.08.26"]
[SourceQuality "1"]

1. d4 Nf6 2. Nf3 g6 3. g3 Bg7 4. Bg2 0-0 5. 0-0 d5 6. c4 dxc4 7. Na3 c3 8. bxc3 c5 9. Ne5 Nc6 10. Nxc6 bxc6 11. Nc4 Nd5 12. Bb2 Rb8 13. Qc2 Ba6 14. Ne5 Qd6 15. Ba3 Bxe5 16. Bxc5 Qc7 17. dxe5 Qxe5 18. Bd4 Qxe2 19. Qxe2 Bxe2 20. Rfe1 Bc4 21. Bxd5 Bxd5 22. Bxa7 Rb7 23. Bc5 Ra8 24. a4 e6 25. a5 Ra6 26. Bb6 e5 27. Rac1 f6 28. Red1 Rd7 29. c4 Be6 30. Rxd7 Bxd7 31. Rd1 Be6 32. Rd6 Bxc4 33. Rxc6 Bd5 34. Rd6 Bf3 35. Rxf6 e4 36. Kf1 Kg7 37. Rd6 Ra8 38. Ke1 1-0

[Event "Opatija op-A"]
[Site "Opatija"]
[Date "2013.07.04"]
[Round "6"]
[White "Salmoiraghi, Angelo"]
[Black "Bosiocic, Marin"]
[Result "1/2-1/2"]
[WhiteElo "2165"]
[BlackElo "2556"]
[PlyCount "149"]
[EventDate "2013.06.29"]
[EventType "swiss"]
[EventRounds "9"]
[EventCountry "CRO"]
[SourceTitle "CBM 155 Extra"]
[Source "ChessBase"]
[SourceDate "2013.08.26"]
[SourceVersion "1"]
[SourceVersionDate "2013.08.26"]
[SourceQuality "1"]

1. c4 c5 2. g3 g6 3. Bg2 Bg7 4. Nc3 Nc6 5. e3 Nh6 6. Nge2 Nf5 7. 0-0 a6 8. a3 0-0 9. b4 cxb4 10. axb4 Nxb4 11. Ba3 Nc6 12. d4 d6 13. Qd3 e5 14. d5 Na5 15. Ne4 b6 16. Bb4 Nb7 17. Rfb1 a5 18. Qb3 Ne7 19. Ba3 Ra6 20. N2c3 f5 21. Ng5 e4 22. Ne6 Bxe6 23. dxe6 Nc5 24. Bxc5 bxc5 25. Qb7 Bxc3 26. Qxa6 Bxa1 27. Rxa1 Nc8 28. Rxa5 Qf6 29. Qc6 Qxe6 30. Rxc5 Ne7 31. Qa6 Kf7 32. Rc7 Rb8 33. Bf1 Rb1 34. Kg2 g5 35. Qa2 Rb8 36. Qa7 Rc8 37. c5 Rxc7 38. Qxc7 dxc5 39. Qxc5 Qf6 40. Bc4+ Kg7 41. Qc7 h5 42. h3 h4 43. gxh4 gxh4 44. Kh2 Kh6 45. Qf4+ Kg7 46. Qc7 Kg6 47. Bb5 Kh6 48. Qf4+ Kg7 49. Qc7 Qg5 50. Qe5+ Qf6 51. Qc7 Kh6 52. Qf4+ Kg6 53. Be8+ Kg7 54. Qc7 Kf8 55. Bb5 Ng6 56. Be2 Ne5 57. Qb7 Nf7 58. Qc7 Qb2 59. Qc5+ Kg7 60. Qb5 Qf6 61. Qe8 Ne5 62. Qh5 f4 63. exf4 Qxf4+ 64. Kg2 e3 65. Bf3 exf2 66. Kxf2 Qd2+ 67. Kf1 Qf4 68. Kf2 Qd2+ 69. Kf1 Qe3 70. Kg2 Ng6 71. Qg4 Kf6 72. Kf1 Qc1+ 73. Kf2 Qc5+ 74. Kf1 Qe3 75. Be4 1/2-1/2

[Event "Milan Crespi op-A 33rd"]
[Site "Milan"]
[Date "2012.12.01"]
[Round "1"]
[White "Maiorov, Nikita"]
[Black "Salmoiraghi, Angelo"]
[Result "1-0"]
[WhiteElo "2541"]
[BlackElo "2174"]
[PlyCount "61"]
[EventDate "2012.12.01"]
[EventType "swiss"]
[EventRounds "9"]
[EventCountry "ITA"]
[SourceTitle "CBM 151 Extra"]
[Source "ChessBase"]
[SourceDate "2012.12.18"]
[SourceVersion "1"]
[SourceVersionDate "2012.12.18"]
[SourceQuality "1"]

1. d4 Nf6 2. c4 g6 3. g3 d5 4. Bg2 Bg7 5. Nf3 0-0 6. 0-0 dxc4 7. Na3 c3 8. bxc3 Nc6 9. e3 Bg4 10. h3 Bf5 11. Bb2 Be4 12. Nc4 Nd5 13. Qe2 Nb6 14. Ncd2 Bf5 15. e4 Bd7 16. Rab1 Na4 17. Ba1 Qc8 18. Kh2 Na5 19. Nb3 Nxb3 20. axb3 Nb6 21. Qe3 Rd8 22. c4 Be8 23. d5 Bxa1 24. Rxa1 c5 25. e5 Qc7 26. Qh6 f6 27. Rfe1 Nd7 28. Re4 Nf8 29. d6 exd6 30. exf6 Qf7 31. Ng5 1-0

[Event "Pula op 26th"]
[Site "Pula"]
[Date "2012.06.13"]
[Round "6"]
[White "Salmoiraghi, Angelo"]
[Black "Orak, Ljubomir"]
[Result "1/2-1/2"]
[WhiteElo "2178"]
[BlackElo "2323"]
[PlyCount "68"]
[EventDate "2012.06.09"]
[EventType "swiss"]
[EventRounds "9"]
[EventCountry "CRO"]
[SourceTitle "CBM 148 Extra"]
[Source "ChessBase"]
[SourceDate "2012.06.22"]
[SourceVersion "1"]
[SourceVersionDate "2012.06.22"]
[SourceQuality "1"]

1. g3 Nf6 2. Bg2 g6 3. c4 Bg7 4. Nc3 0-0 5. d4 d6 6. Nf3 Nc6 7. 0-0 a6 8. b3 Rb8 9. Nd5 Nd7 10. Bb2 e6 11. Nc3 b5 12. cxb5 axb5 13. Rc1 Ne7 14. e4 b4 15. Na4 Ba6 16. Re1 Bb5 17. Qd2 Bxa4 18. bxa4 c6 19. a3 Nb6 20. a5 Na4 21. axb4 Nxb2 22. Qxb2 c5 23. Qd2 cxb4 24. a6 Qb6 25. Bf1 Nc6 26. Red1 d5 27. e5 Na5 28. Qb2 Rfc8 29. Nd2 Bf8 30. Kg2 Be7 31. h4 h5 32. Bd3 Kg7 33. Kh3 Ra8 34. Kg2 Rab8 1/2-1/2

[Event "Milan Crespi op-A 32nd"]
[Site "Milan"]
[Date "2011.12.10"]
[Round "9"]
[White "Battistella, Stefano"]
[Black "Salmoiraghi, Angelo"]
[Result "0-1"]
[WhiteElo "2081"]
[BlackElo "2174"]
[PlyCount "82"]
[EventDate "2011.12.03"]
[EventType "swiss"]
[EventRounds "9"]
[EventCountry "ITA"]
[SourceTitle "EXT 2022"]
[Source "ChessBase"]
[SourceDate "2021.10.06"]
[SourceVersion "1"]
[SourceVersionDate "2021.10.06"]
[SourceQuality "1"]

1. Nf3 d5 2. g3 Nf6 3. Bg2 c6 4. d3 Bf5 5. 0-0 h6 6. c4 dxc4 7. dxc4 Nbd7 8. Be3 e5 9. h3 Qc7 10. Qc1 b6 11. a3 Be7 12. b4 0-0 13. Nbd2 Be6 14. Qb2 a5 15. Rfc1 Ra7 16. Nxe5 Nxe5 17. bxa5 Rxa5 18. Bxb6 Qb8 19. Bd4 Qxb2 20. Bxb2 Ng6 21. Bxc6 Bxh3 22. Nb3 Ra7 23. a4 Rc8 24. Bd4 Rac7 25. Bh1 Be6 26. a5 Rxc4 27. a6 Rxc1+ 28. Rxc1 Rxc1+ 29. Nxc1 Bd5 30. a7 Ne4 31. Nb3 Bb4 32. Bc5 Bc3 33. Bd6 Ne5 34. Nc5 f5 35. Bc7 Bd4 36. Nd3 Nxd3 37. exd3 Bxf2+ 38. Kh2 Bxa7 39. dxe4 fxe4 40. g4 Kf7 41. Kg3 g5 0-1

[Event "Milan Crespi op-A 32nd"]
[Site "Milan"]
[Date "2011.12.05"]
[Round "3"]
[White "Bellia, Fabrizio"]
[Black "Salmoiraghi, Angelo"]
[Result "1-0"]
[WhiteElo "2418"]
[BlackElo "2174"]
[PlyCount "57"]
[EventDate "2011.12.03"]
[EventType "swiss"]
[EventRounds "9"]
[EventCountry "ITA"]
[SourceTitle "CBM 145 Extra"]
[Source "ChessBase"]
[SourceDate "2012.01.03"]
[SourceVersion "1"]
[SourceVersionDate "2012.01.03"]
[SourceQuality "1"]

1. e4 e5 2. Nf3 Nf6 3. Nxe5 d6 4. Nf3 Nxe4 5. d4 d5 6. Bd3 Nd6 7. 0-0 Be7 8. Re1 0-0 9. Bf4 Nd7 10. Nc3 Nf6 11. Re5 c6 12. Qe2 Re8 13. Re1 Bf8 14. Bg5 Bd7 15. h3 g6 16. b3 Bg7 17. Rxe8+ Qxe8 18. Qd2 Qf8 19. Qf4 Nde8 20. Qh4 Be6 21. Ne2 h6 22. Bxf6 Bxf6 23. Qg3 Qd6 24. Nf4 Ng7 25. Nh5 Qe7 26. Bxg6 fxg6 27. Qxg6 Rf8 28. Nxg7 Bxg7 29. Qxe6+ 1-0

[Event "Milan Crespi op-A 32nd"]
[Site "Milan"]
[Date "2011.12.04"]
[Round "2"]
[White "Salmoiraghi, Angelo"]
[Black "Colovic, Aleksandar"]
[Result "1/2-1/2"]
[WhiteElo "2174"]
[BlackElo "2451"]
[PlyCount "120"]
[EventDate "2011.12.03"]
[EventType "swiss"]
[EventRounds "9"]
[EventCountry "ITA"]
[SourceTitle "CBM 145 Extra"]
[Source "ChessBase"]
[SourceDate "2012.01.03"]
[SourceVersion "1"]
[SourceVersionDate "2012.01.03"]
[SourceQuality "1"]

1. c4 Nf6 2. g3 c6 3. Bg2 d5 4. Nf3 g6 5. b3 Bg7 6. Bb2 0-0 7. 0-0 a5 8. d3 Bg4 9. Nbd2 Nbd7 10. Re1 Bxf3 11. Nxf3 Ne8 12. Bxg7 Kxg7 13. cxd5 cxd5 14. e4 Nb6 15. e5 Nc7 16. Nd4 e6 17. a3 Qd7 18. a4 Na6 19. Qd2 Nb4 20. Rac1 Rac8 21. h4 h5 22. Bh3 Qe7 23. f4 Rxc1 24. Rxc1 Rc8 25. Rxc8 Nxc8 26. Qc3 Na7 27. Kf2 Nbc6 28. Nc2 Qc7 29. d4 b5 30. axb5 Nxb5 31. Qc5 Qb7 32. Bf1 Nba7 33. Qc3 Qb6 34. Ke3 Ne7 35. Bd3 Nac6 36. Kd2 Kh6 37. Ke3 Kg7 38. Kd2 Kf8 39. Kc1 Nb4 40. Nxb4 axb4 41. Qc5 Qxc5+ 42. dxc5 Nf5 43. Bxf5 gxf5 44. Kd2 Ke8 45. Ke3 Kd7 46. Kd3 Kc6 47. Ke3 Kxc5 48. Kd3 Kb5 49. Kd4 Kc6 50. Ke3 Kd7 51. Kd4 Ke7 52. Kc5 f6 53. Kxb4 fxe5 54. fxe5 Kd7 55. Kb5 Kc7 56. Kc5 Kb7 57. Kb5 Ka7 58. Ka5 Kb7 59. Kb5 Kc7 60. Kc5 Kb7 1/2-1/2

[Event "Bratto op 31st"]
[Site "Bratto"]
[Date "2011.08.24"]
[Round "5"]
[White "Salmoiraghi, Angelo"]
[Black "Iasman, Inna"]
[Result "1/2-1/2"]
[WhiteElo "2152"]
[BlackElo "2014"]
[PlyCount "102"]
[EventDate "2011.08.20"]
[EventType "swiss"]
[EventRounds "9"]
[EventCountry "ITA"]
[SourceTitle "EXT 2022"]
[Source "ChessBase"]
[SourceDate "2021.10.06"]
[SourceVersion "1"]
[SourceVersionDate "2021.10.06"]
[SourceQuality "1"]

1. d4 d5 2. c4 c6 3. Nf3 Nf6 4. Qc2 e6 5. g3 Bd6 6. Nbd2 Nbd7 7. Bg2 0-0 8. 0-0 Re8 9. a3 e5 10. cxd5 cxd5 11. dxe5 Nxe5 12. Nxe5 Bxe5 13. Nf3 Bd6 14. b4 Qe7 15. e3 Qe4 16. Qd2 Bg4 17. Nd4 Qe5 18. Bb2 Qh5 19. f3 Bh3 20. Rae1 Bxg2 21. Qxg2 a6 22. g4 Qg5 23. Nf5 Bc7 24. Bd4 h5 25. h3 hxg4 26. hxg4 Re6 27. Rc1 Bb6 28. Bxb6 Rxb6 29. Rc7 Rd8 30. Qg3 Ne8 31. Rc5 g6 32. f4 Qf6 33. Nd4 Qe7 34. Rf2 Nf6 35. Rh2 Ne4 36. Qh3 Qf6 37. Qh7+ Kf8 38. Qh8+ Qxh8 39. Rxh8+ Ke7 40. Rxd8 Kxd8 41. Rxd5+ Rd6 42. Rxd6+ Nxd6 43. Kf1 Nc4 44. Nc2 Kd7 45. Ke2 Kd6 46. Kd3 b5 47. e4 g5 48. e5+ Ke6 49. Nd4+ Kd5 50. fxg5 Nxe5+ 51. Ke3 Nxg4+ 1/2-1/2

[Event "Condino op 11th"]
[Site "Condino"]
[Date "2011.07.29"]
[Round "6"]
[White "Garonzi, Martino"]
[Black "Salmoiraghi, Angelo"]
[Result "0-1"]
[WhiteElo "2002"]
[BlackElo "2152"]
[PlyCount "32"]
[EventDate "2011.07.25"]
[EventType "swiss"]
[EventRounds "7"]
[EventCountry "ITA"]
[SourceTitle "EXT 2012"]
[Source "ChessBase"]
[SourceDate "2011.11.24"]
[SourceVersion "1"]
[SourceVersionDate "2011.11.24"]
[SourceQuality "1"]

1. e4 e5 2. Nf3 Nc6 3. d4 exd4 4. Nxd4 Nf6 5. Nxc6 bxc6 6. Bd3 d5 7. e5 Ng4 8. 0-0 Qh4 9. Bf4 Bc5 10. Bg3 Qe7 11. Re1 h5 12. e6 Bxe6 13. Bf5 Qf6 14. Bxg4 hxg4 15. Qxg4 Qxb2 16. Nd2 Qxa1 0-1

[Event "Condino op 11th"]
[Site "Condino"]
[Date "2011.07.27"]
[Round "5"]
[White "Menichini, Massimo"]
[Black "Salmoiraghi, Angelo"]
[Result "0-1"]
[WhiteElo "1791"]
[BlackElo "2152"]
[PlyCount "42"]
[EventDate "2011.07.25"]
[EventType "swiss"]
[EventRounds "7"]
[EventCountry "ITA"]
[SourceTitle "EXT 2012"]
[Source "ChessBase"]
[SourceDate "2011.11.24"]
[SourceVersion "1"]
[SourceVersionDate "2011.11.24"]
[SourceQuality "1"]

1. e4 e5 2. Nf3 Nc6 3. Nc3 Nf6 4. d4 exd4 5. Nxd4 Bb4 6. Bg5 h6 7. Nxc6 bxc6 8. Bxf6 Qxf6 9. Qd2 0-0 10. Bd3 d5 11. a3 Bxc3 12. bxc3 dxe4 13. Bc4 e3 14. Qxe3 Ba6 15. 0-0 Bxc4 16. Rfd1 Rfe8 17. Qg3 Bd5 18. Rd4 Re2 19. Rf4 Qe5 20. h3 g5 21. Rg4 Qxg3 0-1

[Event "Milan Palladino Memorial"]
[Site "Milan"]
[Date "2011.04.25"]
[Round "6"]
[White "Salmoiraghi, Angelo"]
[Black "Cazzaniga, Walter"]
[Result "1/2-1/2"]
[WhiteElo "2161"]
[BlackElo "2079"]
[PlyCount "80"]
[EventDate "2011.04.21"]
[EventType "swiss"]
[EventRounds "7"]
[EventCountry "ITA"]
[SourceTitle "EXT 2023"]
[Source "ChessBase"]
[SourceDate "2022.10.05"]
[SourceVersion "1"]
[SourceVersionDate "2022.10.05"]
[SourceQuality "1"]

1. d4 Nf6 2. c4 g6 3. g3 Bg7 4. Bg2 d5 5. cxd5 Nxd5 6. Nf3 0-0 7. 0-0 Nc6 8. Nc3 Nb6 9. e3 Re8 10. Re1 e5 11. d5 Nb4 12. e4 a5 13. a3 Na6 14. b3 Bd7 15. Bg5 f6 16. Be3 Bf8 17. Bf1 Nc8 18. Nd2 Nd6 19. Nc4 Nxc4 20. Bxc4 Bd6 21. Bb5 Rf8 22. Bxd7 Qxd7 23. Qe2 f5 24. f3 Nc5 25. Qc4 b6 26. Nb5 fxe4 27. Nxd6 cxd6 28. Bxc5 bxc5 29. fxe4 Rf3 30. Rf1 Qg4 31. Rxf3 Qxf3 32. Rf1 Qe3+ 33. Kg2 Rf8 34. Rxf8+ Kxf8 35. Kh3 Kg7 36. Qa4 Kh6 37. Qd7 Qxe4 38. Qxd6 Qf5+ 39. Kg2 Qe4+ 40. Kh3 Qf5+ 1/2-1/2

[Event "Milan Palladino Memorial"]
[Site "Milan"]
[Date "2011.04.23"]
[Round "4"]
[White "Petrone, Gianmario"]
[Black "Salmoiraghi, Angelo"]
[Result "1/2-1/2"]
[WhiteElo "1849"]
[BlackElo "2161"]
[PlyCount "42"]
[EventDate "2011.04.21"]
[EventType "swiss"]
[EventRounds "7"]
[EventCountry "ITA"]
[SourceTitle "EXT 2023"]
[Source "ChessBase"]
[SourceDate "2022.10.05"]
[SourceVersion "1"]
[SourceVersionDate "2022.10.05"]
[SourceQuality "1"]

1. e4 c5 2. Nf3 a6 3. d4 cxd4 4. Nxd4 Nf6 5. Nc3 e5 6. Nb3 Bb4 7. Bg5 Bxc3+ 8. bxc3 h6 9. Bxf6 Qxf6 10. Bc4 Qg6 11. Qf3 0-0 12. Bd5 Nc6 13. Rb1 Ne7 14. c4 Nxd5 15. cxd5 d6 16. 0-0 f5 17. Qg3 Qxg3 18. hxg3 f4 19. gxf4 Rxf4 20. Nd2 b5 21. c4 Bd7 1/2-1/2

[Event "Milan Befana op"]
[Site "Milan"]
[Date "2011.01.06"]
[Round "6"]
[White "Vezzosi, Paolo"]
[Black "Salmoiraghi, Angelo"]
[Result "1/2-1/2"]
[WhiteElo "2383"]
[BlackElo "2155"]
[PlyCount "30"]
[EventDate "2011.01.02"]
[EventType "swiss"]
[EventRounds "6"]
[EventCountry "ITA"]
[SourceTitle "EXT 2012"]
[Source "ChessBase"]
[SourceDate "2011.11.24"]
[SourceVersion "1"]
[SourceVersionDate "2011.11.24"]
[SourceQuality "1"]

1. d4 Nf6 2. c4 e6 3. Nc3 Bb4 4. e3 b6 5. Nge2 Ne4 6. Qc2 Bb7 7. f3 Nxc3 8. Nxc3 0-0 9. Bd3 Qh4+ 10. Qf2 Qxf2+ 11. Kxf2 Bxc3 12. bxc3 d6 13. c5 dxc5 14. dxc5 Rd8 15. Rd1 Na6 1/2-1/2

[Event "Milan Befana op"]
[Site "Milan"]
[Date "2011.01.03"]
[Round "3"]
[White "Petrini, Roberto"]
[Black "Salmoiraghi, Angelo"]
[Result "1/2-1/2"]
[WhiteElo "2033"]
[BlackElo "2155"]
[PlyCount "50"]
[EventDate "2011.01.02"]
[EventType "swiss"]
[EventRounds "6"]
[EventCountry "ITA"]
[SourceTitle "EXT 2012"]
[Source "ChessBase"]
[SourceDate "2011.11.24"]
[SourceVersion "1"]
[SourceVersionDate "2011.11.24"]
[SourceQuality "1"]

1. e4 e5 2. Nf3 Nc6 3. d4 exd4 4. Bc4 Bc5 5. c3 Nf6 6. cxd4 Bb4+ 7. Bd2 Bxd2+ 8. Nbxd2 d5 9. exd5 Nxd5 10. Qb3 Nce7 11. 0-0 c6 12. Rfe1 0-0 13. a4 a5 14. Ne4 Nb6 15. Nc5 Nxc4 16. Qxc4 b6 17. Nd3 Be6 18. Rxe6 fxe6 19. Qxe6+ Kh8 20. Nde5 Qe8 21. Ng5 Ng6 22. Nef7+ Rxf7 23. Nxf7+ Kg8 24. Nh6+ Kh8 25. Nf7+ Kg8 1/2-1/2

[Event "Milan Crespi op-A 31st"]
[Site "Milan"]
[Date "2010.12.07"]
[Round "4"]
[White "Salmoiraghi, Angelo"]
[Black "Astengo, Corrado"]
[Result "1/2-1/2"]
[WhiteElo "2139"]
[BlackElo "2139"]
[PlyCount "28"]
[EventDate "2010.12.04"]
[EventType "swiss"]
[EventRounds "9"]
[EventCountry "ITA"]
[SourceTitle "CBM 139 Extra"]
[Source "ChessBase"]
[SourceDate "2011.01.05"]
[SourceVersion "1"]
[SourceVersionDate "2011.01.05"]
[SourceQuality "1"]

1. d4 d5 2. c4 e6 3. Nf3 Nf6 4. g3 Be7 5. Bg2 0-0 6. 0-0 dxc4 7. Qc2 a6 8. Qxc4 b5 9. Qc2 Bb7 10. Bd2 Nbd7 11. Ba5 Rc8 12. Nbd2 Qe8 13. b4 Nb8 14. a3 Nc6 1/2-1/2

[Event "Milan Crespi op-A 31st"]
[Site "Milan"]
[Date "2010.12.04"]
[Round "1"]
[White "Tratar, Marko"]
[Black "Salmoiraghi, Angelo"]
[Result "1-0"]
[WhiteElo "2492"]
[BlackElo "2139"]
[PlyCount "55"]
[EventDate "2010.12.04"]
[EventType "swiss"]
[EventRounds "9"]
[EventCountry "ITA"]
[SourceTitle "CBM 139 Extra"]
[Source "ChessBase"]
[SourceDate "2011.01.05"]
[SourceVersion "1"]
[SourceVersionDate "2011.01.05"]
[SourceQuality "1"]

1. Nf3 d5 2. d4 Nf6 3. c4 c6 4. e3 g6 5. Nc3 Bg7 6. Be2 0-0 7. 0-0 Be6 8. cxd5 cxd5 9. Ne5 Bc8 10. Bd2 Nfd7 11. Nxd7 Qxd7 12. Qb3 e6 13. Rfc1 Nc6 14. Bb5 Qd8 15. Bxc6 bxc6 16. Na4 Qc7 17. Bb4 Re8 18. Qa3 Ba6 19. Nc5 Bc8 20. Nd3 f6 21. Ba5 Qd7 22. Qc3 Ba6 23. Nc5 Qc8 24. Bb4 Rb8 25. Nb3 Bb7 26. Bd6 Ra8 27. Na5 Rd8 28. Nxc6 1-0

[Event "Senigallia op-A"]
[Site "Senigallia"]
[Date "2010.07.31"]
[Round "7"]
[White "Damia, Angelo"]
[Black "Salmoiraghi, Angelo"]
[Result "1/2-1/2"]
[WhiteElo "2281"]
[BlackElo "2172"]
[PlyCount "47"]
[EventDate "2010.07.25"]
[EventType "swiss"]
[EventRounds "7"]
[EventCountry "ITA"]
[SourceTitle "CBM 137 Extra"]
[Source "ChessBase"]
[SourceDate "2010.09.01"]
[SourceVersion "1"]
[SourceVersionDate "2010.09.01"]
[SourceQuality "1"]

1. f4 g6 2. Nf3 Bg7 3. e3 d5 4. Be2 c5 5. 0-0 Nf6 6. d4 Nbd7 7. c3 0-0 8. Ne5 Qc7 9. Nd2 Ne4 10. Nxe4 dxe4 11. Bd2 b6 12. b4 Nxe5 13. fxe5 f6 14. exf6 exf6 15. Rc1 c4 16. Be1 Bh6 17. Qd2 Be6 18. Bg3 Qd7 19. Bf4 Bg7 20. Ra1 Rac8 21. a4 a6 22. a5 b5 23. Kh1 h5 24. h4 1/2-1/2

[Event "Corsico op"]
[Site "Corsico"]
[Date "2010.03.14"]
[Round "4"]
[White "Damia, Angelo"]
[Black "Salmoiraghi, Angelo"]
[Result "1/2-1/2"]
[WhiteElo "2284"]
[BlackElo "2171"]
[PlyCount "94"]
[EventDate "2010.03.12"]
[EventType "swiss"]
[EventRounds "5"]
[EventCountry "ITA"]
[SourceTitle "EXT 2011"]
[Source "ChessBase"]
[SourceDate "2010.11.26"]
[SourceVersion "1"]
[SourceVersionDate "2010.11.26"]
[SourceQuality "1"]

1. e4 c5 2. Nf3 d6 3. b3 Nf6 4. Nc3 g6 5. Bb5+ Bd7 6. Qe2 Nc6 7. e5 Nxe5 8. Nxe5 dxe5 9. Qxe5 Bg7 10. Qxc5 0-0 11. Bxd7 Qxd7 12. 0-0 b6 13. Qe3 Qf5 14. Ba3 Qxc2 15. Rac1 Qf5 16. Qxe7 Rfe8 17. Qb7 Rad8 18. d4 Rxd4 19. Qxa7 Ng4 20. h3 Ne5 21. Ne2 Rd2 22. Ng3 Qf4 23. Rce1 Rxa2 24. Bc1 Qxc1 25. Qxa2 Nf3+ 26. gxf3 Rxe1 27. Rxe1 Qxe1+ 28. Kg2 Qe6 29. Qa8+ Bf8 30. Qa4 Bd6 31. Ne4 Be5 32. Qb5 Kg7 33. Qd3 h6 34. b4 Qe7 35. b5 f5 36. Ng3 Bxg3 37. fxg3 Qc5 38. Qd7+ Kf6 39. h4 h5 40. Qd8+ Kf7 41. Qd3 Kf6 42. Kh3 Ke6 43. g4 fxg4+ 44. fxg4 hxg4+ 45. Kxg4 Kf6 46. Qd8+ Kf7 47. Qd7+ Kf6 1/2-1/2

[Event "Milan Crespi op-A 30th"]
[Site "Milan"]
[Date "2009.12.06"]
[Round "3"]
[White "Barberi, Alessandro"]
[Black "Salmoiraghi, Angelo"]
[Result "0-1"]
[WhiteElo "2098"]
[BlackElo "2150"]
[PlyCount "48"]
[EventDate "2009.12.05"]
[EventType "swiss"]
[EventRounds "9"]
[EventCountry "ITA"]
[SourceTitle "EXT 2012"]
[Source "ChessBase"]
[SourceDate "2011.11.24"]
[SourceVersion "1"]
[SourceVersionDate "2011.11.24"]
[SourceQuality "1"]

1. d4 d5 2. Nf3 Nf6 3. e3 Bf5 4. c4 e6 5. Qb3 Qc8 6. Nc3 c6 7. Bd2 Bd6 8. Rc1 0-0 9. Nh4 Bg6 10. Nxg6 hxg6 11. cxd5 exd5 12. g3 Re8 13. Bg2 Qd7 14. 0-0 Na6 15. f3 Bf8 16. Na4 Rac8 17. Rfd1 b5 18. Nc5 Nxc5 19. dxc5 Qc7 20. e4 dxe4 21. fxe4 Nxe4 22. Be3 Rcd8 23. Kh1 Rxd1+ 24. Qxd1 Nxg3+ 0-1

[Event "Bratto op 29th"]
[Site "Bratto"]
[Date "2009.08.28"]
[Round "8"]
[White "Radice, Luca"]
[Black "Salmoiraghi, Angelo"]
[Result "1/2-1/2"]
[WhiteElo "2070"]
[BlackElo "2151"]
[PlyCount "33"]
[EventDate "2009.08.21"]
[EventType "swiss"]
[EventRounds "9"]
[EventCountry "ITA"]
[SourceTitle "CBM 132 Extra"]
[Source "ChessBase"]
[SourceDate "2009.11.03"]
[SourceVersion "1"]
[SourceVersionDate "2009.11.03"]
[SourceQuality "1"]

1. d4 Nf6 2. Nf3 e6 3. e3 b6 4. Bd3 Bb7 5. Nbd2 c5 6. 0-0 cxd4 7. exd4 d6 8. c3 Be7 9. Re1 Nbd7 10. Nf1 0-0 11. Bg5 h6 12. Bf4 Rc8 13. Qe2 Rc7 14. Ng3 Re8 15. Rad1 Qa8 16. Bc2 Nf8 17. Bc1 1/2-1/2

[Event "Senigallia Perini Memorial 3rd"]
[Site "Senigallia"]
[Date "2009.08.06"]
[Round "6"]
[White "Salmoiraghi, Angelo"]
[Black "Lavric, Mihail"]
[Result "1-0"]
[WhiteElo "2151"]
[BlackElo "1986"]
[PlyCount "103"]
[EventDate "2009.08.01"]
[EventType "swiss"]
[EventRounds "9"]
[EventCountry "ITA"]
[SourceTitle "EXT 2010"]
[Source "ChessBase"]
[SourceDate "2010.11.25"]
[SourceVersion "1"]
[SourceVersionDate "2010.11.25"]
[SourceQuality "1"]

1. e4 c5 2. Nc3 Nc6 3. f4 e6 4. Nf3 d6 5. Bb5 Bd7 6. 0-0 g6 7. d3 Bg7 8. Bxc6 bxc6 9. e5 d5 10. Na4 Qa5 11. c4 Bf8 12. b3 Nh6 13. Ba3 Nf5 14. Qe2 h5 15. Qe1 Qxe1 16. Raxe1 Nd4 17. Bxc5 Nf5 18. Bxf8 Kxf8 19. g3 Kg7 20. Kf2 Rhd8 21. Rd1 Be8 22. Rfe1 Rdb8 23. h3 a5 24. c5 Ra7 25. Nb6 Ne7 26. Nd4 Nc8 27. Nxc8 Rxc8 28. Nc2 a4 29. b4 Rb8 30. a3 Rab7 31. Nd4 Bd7 32. g4 hxg4 33. hxg4 Rc7 34. Rh1 Rh8 35. Rxh8 Kxh8 36. Rh1+ Kg7 37. g5 Bc8 38. Ke3 Ba6 39. Rh6 Rc8 40. Nf3 Bb5 41. Nh2 Rh8 42. Rxh8 Kxh8 43. Nf3 Ba6 44. Nd4 Bb7 45. Kd2 Kg8 46. Kc3 Kf8 47. b5 cxb5 48. Kb4 Ke8 49. Kxb5 Kd8 50. Kb6 Bc8 51. c6 Ke7 52. Nb5 1-0